MESTSKÁ KNIŽNICA GIRALTOVCE  - online katalóg 

Matematika (Record no. 20511)

000 -NÁVESTIE
fixed length control field 00636nam a2200193 a 4500
008 - ÚDAJE S PEVNOU DĹŽKOU – VŠEOBECNÉ INFORMÁCIE
fixed length control field 951031s1995||||xo 0 slo c
020 ## - MEDZINÁRODNÉ ŠTANDARDNÉ ČÍSLO KNIHY (ISBN)
Medzinárodné štandardné číslo knihy (ISBN) 8088784050
Údaje o dostupnosti 0
040 ## - ZDROJ KATALOGIZÁCIE
Pôvodná katalogizujúca agentúra SNK
Jazyk katalogizácie slo
Prepisujúca agentúra SNK
Konvencie popisu AACR2
041 1# - KÓD JAZYKA
Kód jazyka textu/zvukovej stopy alebo samostatných nápisov slo
044 ## - KÓD KRAJINY VYDAVATEĽA/PRODUCENTA
Kód krajiny MARC xo
Kód krajiny ISO SK
080 ## - ČÍSLO MEDZINÁRODNÉHO DESATINNÉHO TRIEDENIA (MDT)
Číslo Medzinárodného desatinného triedenia (MDT) 51(035)
100 1# - OSOBNÉ MENÁ – VŠEOBECNÉ INFORMÁCIE
Osobné meno Kadlečková, Magdaléna
Kód roly aut
245 10 - NÁZOV
Názov Matematika
Zvyšok názvu Základné požiadavky pre prijímacie skúšky na vysoké školy
Údaj o zodpovednosti atď. Magdaléna Kadlečková
250 ## - ÚDAJ O PORADÍ VYDANIA
Údaj o poradí vydania 1. vyd.
260 ## - VYDAVATEĽSKÉ ÚDAJE, DISTRIBÚCIA ATĎ.
Miesto publikovania, distribúcie atď. Banská Bystrica
Názov vydavateľa, distibútora atď. Pedagogická spoločnosť J.A. Komenského
Dátum publikovania, distribúcie atď. 1995
300 ## - FYZICKÝ POPIS
Rozsah 114 s.
Ďalšie fyzické detaily Grafy, sch., tab., lit. 9 zázn. v češ. a slov.
Rozmery 20 cm
490 0# - EDÍCIA
Edícia Alef
958 ## - Formálny deskriptor
Formálny deskriptor APR
Holdings
Stav stiahnutia (Blokovanie) (Withrawn status) Stav straty Stav poškodenia (Damaged status) Nie pre výpožičky (Not for loan) Spôsob nadobudnutia (Collection code) Trvalé umiestnenie Aktuálne umiestnenie Dátum nadobudnutia Inventárne číslo (prírastkové číslo) Full call number Dátum posledného výskytu Cena s účinnosťou od Typ jednotky Koha
        Dar Mestská knižnica Giraltovce Mestská knižnica Giraltovce 2019-11-29 18 926 T 292 2019-11-29 2019-11-29 Odborná literatúra pre dospelých

Powered by Koha